| 000 | 00688cam a22002172 4500 | ||
|---|---|---|---|
| 001 | 0000020472 | ||
| 005 | 20151217152215.0 | ||
| 008 | 110919s xx 000 0 eng d | ||
| 020 | _a0803607717 : | ||
| 040 |
_aKABU _cKABU |
||
| 100 | 1 |
_aCoulehan, John L. _@0000180780 |
|
| 245 | 1 | 4 |
_aThe medical interview : _bmastering skills for clinical practice / _cJohn L. Coulehan, Marian R. Block. |
| 250 | _a4th ed. | ||
| 260 |
_aPhiladelphia : _bF. A. Davis, _c2001. |
||
| 300 | _axxi, 304 p. | ||
| 650 | 0 |
_aMedical history taking. _@0000155960 |
|
| 700 | 1 |
_aBlock, Marian R. _@0000180781 |
|
| 852 | 1 | _9p2480 KES | |
| 908 | _a110919 | ||
| 950 | _@1 | ||
| 999 |
_c9350 _d9350 |
||